000 00404nam a2200193Ia 4500
001 11616
003 GE_BSU
008 181216s||||||||xx |||||||||||||| ||und||
040 _cGE_BSU
080 _a821.111-32
100 _aPorter,Henry.
245 _aRemembrance day.
260 _aLondon
260 _bOrion
260 _c1999.
300 _a373p;25cm.
653 _aRemembrance day.
942 _cBK
999 _c44811
_d44811